| 000 | 00693cam a22002175a 4500 | ||
|---|---|---|---|
| 001 | L159750 | ||
| 008 | 150226s2016 xxk f 000 0 eng d | ||
| 035 | _a(Sirsi) u159750 | ||
| 041 | 0 | _aeng | |
| 100 | 1 | _aWatson, Stuart | |
| 245 | 0 | 0 | _aMorality plays |
| 260 | _c2016 | ||
| 490 |
_aModus _vJuly - August 2016, 14-19 (6) |
||
| 520 | _aDiscusses appropriate responses to ethical challenges surveyors encounter, such as political pressure, professional boundaries, poor labour practices, transparency and conflicts of interest. | ||
| 590 | _aKA | ||
| 650 | 2 | 4 | _aETHICS |
| 650 | 2 | 4 | _aCONFLICT OF INTEREST |
| 651 | 4 |
_aUnited Kingdom _y |
|
| 690 | _aBusiness and management | ||
| 942 | _n0 | ||
| 999 |
_c84957 _d84957 |
||